| 000 | 00441 a2200133 4500 | ||
|---|---|---|---|
| 245 |
_aEducation, race, and employment in Rhodesia _hprint |
||
| 020 | _a0797400923 | ||
| 650 | _aHistory | ||
| 005 | 20191021095352.0 | ||
| 260 |
_arh _bAssociation of Round Tables in Central Africa _c1975] |
||
| 084 | _aLC67.R5 E38 1975 | ||
| 300 |
_axix, 478 p. : ill. _b 21 cm. _cxix, 478 p. : ill. ; 21 cm. |
||
| 500 | _aby M. W. Murphree ... [et al.]. | ||
| 999 |
_c12153 _d12153 |
||